|
|
|
|
| LEADER |
01210nam a22002892a 4500 |
| 001 |
000752643 |
| 003 |
CZ BrMZK |
| 005 |
20130103082240.0 |
| 007 |
ta |
| 008 |
041201s1950 xr er|||||||||||cze d |
| 015 |
|
|
|a cnb000676746
|
| 035 |
|
|
|a (OCoLC)85436279
|
| 040 |
|
|
|a BOA001
|b cze
|
| 041 |
1 |
|
|a cze
|h rus
|
| 100 |
1 |
|
|a Majakovskij, Vladimir Vladimirovič,
|d 1893-1930
|7 jn19990210398
|4 aut
|
| 245 |
1 |
0 |
|a 150 000 000 :
|b revoluční poema /
|c Vladimir Vladimirovič Majakovskij ; přeložil a doslov napsal Bohumil Mathesius
|
| 260 |
|
|
|a Praha :
|b Svět sovětů,
|c 1950
|
| 300 |
|
|
|a 109, [2] s.
|
| 490 |
1 |
|
|a Knihovna sovětské poesie ;
|v sv. 1
|
| 500 |
|
|
|a Přeloženo z ruštiny
|
| 830 |
|
0 |
|a Knihovna sovětské poesie
|
| 910 |
|
|
|a BOA001
|b PK-I-0031.059
|b 1-0246.955
|
| 990 |
|
|
|a BK
|
| 996 |
7 |
|
|b 2619372236
|c 1-0246.955
|l MZK
|r Sklad / do 1 hodiny
|n 1
|w 000752643
|u 000050
|a 1
|e BOA001
|j MZK50
|s A
|
| 996 |
7 |
|
|b 2619372237
|c 1-0246.955
|l MZK
|r Sklad / do 1 hodiny
|n 4
|w 000752643
|u 000040
|a 1
|e BOA001
|j MZK50
|s A
|
| 996 |
6 |
|
|b 2619372238
|c 1-0246.955
|l MZK
|r Sklad / do 1 hodiny
|n 0
|w 000752643
|u 000030
|a 1
|e BOA001
|j MZK50
|s P
|
| 996 |
6 |
|
|b BC-179404
|c PK-I-0031.059
|l MZK
|r Sklad / do 1 hodiny
|n 0
|w 000752643
|u 000010
|a 1
|e BOA001
|j MZK50
|s P
|